KOHA-Header-6

Probability Theory And Harmonic Analysis (Record no. 6817)

000 -LEADER
fixed length control field 00267nam a2200109Ia 4500
100 ## - MAIN ENTRY--AUTHOR NAME
Personal name Chao , Woyczynski
245 #0 - TITLE STATEMENT
Title Probability Theory And Harmonic Analysis
260 ## - PUBLICATION, DISTRIBUTION, ETC. (IMPRINT)
Place of publication USA
Name of publisher CRC
Year of publication 1986
300 ## - PHYSICAL DESCRIPTION
Number of Pages 291
942 ## - ADDED ENTRY ELEMENTS (KOHA)
Koha item type Books

No items available.

Powered by Koha